Statistics for Seoul-Incheon Airport - Japanese destinations

Click here to take the quiz!

General Stats

  • This quiz has been taken 143 times
  • The average score is 14 of 26

Answer Stats

Answer% Correct
Tokyo-Haneda
100%
Tokyo-Narita
100%
Osaka-Kansai
99%
Sapporo-Chitose
88%
Fukuoka
85%
Nagoya-Centrair
84%
Hiroshima
81%
Okinawa-Naha
79%
Nagasaki
74%
Sendai
70%
Kagoshima
54%
Aomori
51%
Okayama
48%
Kitakyushu
44%
Kumamoto
42%
Shizuoka
42%
Akita
41%
Oita
39%
Hakodate
38%
Miyazaki
36%
Takamatsu
32%
Yamaguchi-Ube
29%
Komatsu
24%
Toyama
22%
Saga
21%
Yonago
20%

Score Distribution

Percentile by Number Answered

Percent of People with Each Score

Your Score History

You have not taken this quiz